| 000 | 00607nam a2200193 a 4500 | ||
|---|---|---|---|
| 001 | 3406 | ||
| 003 | CDMR | ||
| 005 | 20131125163505.0 | ||
| 008 | 130130s1986||||||||||||||||||||||||||||d | ||
| 040 |
_aCDMR _bcat _cCDMR |
||
| 100 | 1 |
_aEspin Templado, Eduardo _91921 |
|
| 245 | 1 | 0 |
_aSecreto sumarial y libertad de información _cEduardo Espín Templado |
| 260 |
_aBarcelona _bImp. Altés _c[1986] |
||
| 300 | _a[12] p. | ||
| 500 | _aSeparata de la Revista Jurídica de Catalunya, núm. 2, 1986 | ||
| 650 | 0 | 4 |
_91574 _aLlibertat d'informació |
| 710 | 2 |
_94384 _aRevista Jurídica de Catalunya |
|
| 942 |
_cFULLET _2udc |
||
| 999 |
_c3406 _d3406 |
||